Lịch sử tư tưởng quân sự Việt Nam
Nội dung sách tập 2 gồm: Chương I - Tư tưởng quân sự từ năm 1928 đến năm 15279; Chương II - Tư tưởng quân sự từ năm 1527 đến năm 1771; Chương III - Tư tưởng quân sự từ năm 1771 đến năm 1802; Chương IV - Tư tưởng quân sự từ năm 1802 đế...
Na minha lista:
| Nhiều tác giả của công ty: | , |
|---|---|
| Formato: | Livro |
| Idioma: | Undetermined |
| Publicado em: |
Hà Nội
Chính trị Quốc gia
2014
|
| Assuntos: | |
| Tags: |
Adicionar Tag
Sem tags, seja o primeiro a adicionar uma tag!
|
| Thư viện lưu trữ: | Trung tâm Học liệu Trường Đại học Cần Thơ |
|---|
| LEADER | 01098nam a2200229Ia 4500 | ||
|---|---|---|---|
| 001 | CTU_207068 | ||
| 008 | 210402s9999 xx 000 0 und d | ||
| 020 | |c 83000 | ||
| 082 | |a 959.70434 | ||
| 082 | |b V305/T.2 | ||
| 110 | |a Bộ Quốc phòng | ||
| 110 | |b Viện lịch sử Việt Nam | ||
| 245 | 0 | |a Lịch sử tư tưởng quân sự Việt Nam | |
| 245 | 0 | |c Bộ Quốc phòng. Viện lịch sử Việt Nam | |
| 260 | |a Hà Nội | ||
| 260 | |b Chính trị Quốc gia | ||
| 260 | |c 2014 | ||
| 520 | |a Nội dung sách tập 2 gồm: Chương I - Tư tưởng quân sự từ năm 1928 đến năm 15279; Chương II - Tư tưởng quân sự từ năm 1527 đến năm 1771; Chương III - Tư tưởng quân sự từ năm 1771 đến năm 1802; Chương IV - Tư tưởng quân sự từ năm 1802 đến năm 1858. | ||
| 650 | |a Quân đội,Military | ||
| 650 | |z Việt Nam,Vietnam | ||
| 904 | |i Tuyến | ||
| 980 | |a Trung tâm Học liệu Trường Đại học Cần Thơ | ||